Decolonizing Israel, Liberating Palestine. Zionism, Settler Colonialism, and the Case for One Democratic State

El autor explica que durante décadas hemos hablado del "conflicto entre Israel y Palestina", pero ¿qué pasa si nuestra comprensión del tema ha sido errónea desde el principio? Este libro explora cómo el concepto de colonialismo de colonos proporciona una comprensión más clara del proyecto...

Descripció completa

Guardat en:
Dades bibliogràfiques
Autor principal: Halper, Jeff
Format: Llibre
Idioma:English
Publicat: United Kingdon: Pluto Press 2021
Matèries:
Etiquetes: Afegir etiqueta
Sense etiquetes, Sigues el primer a etiquetar aquest registre!

MARC

LEADER 00000nam a22000007a 4500
003 cru CIDCACS/IIS
005 20240816171104.0
008 240816b2021 uk ||||| |||| 00| 0 eng d
020 |a 978-07453-4339-6 
040 |a cru CIDCACS/IIS  |b spa  |c cru CIDCACS/IIS 
090 |a 04.04.02 H195d 
100 1 |a Halper, Jeff  |9 12311 
245 1 |a Decolonizing Israel, Liberating Palestine.  |b  Zionism, Settler Colonialism, and the Case for One Democratic State   |c Jeff Halper  
260 |a United Kingdon:  |b Pluto Press  |c 2021 
300 |a 244 páginas 
520 3 |a El autor explica que durante décadas hemos hablado del "conflicto entre Israel y Palestina", pero ¿qué pasa si nuestra comprensión del tema ha sido errónea desde el principio? Este libro explora cómo el concepto de colonialismo de colonos proporciona una comprensión más clara del proyecto del movimiento sionista de establecer un Estado judío en Palestina, desplazando a la población árabe palestina y marginando su presencia cultural. Halper sostiene que la única salida a una situación colonial es la descolonización: el desmantelamiento de las estructuras sionistas de dominación y control y su reemplazo por un Estado democrático único, en el que palestinos y judíos israelíes forjen una nueva sociedad civil y una comunidad política compartida. Para mostrar cómo se puede hacer esto, Halper utiliza el programa de 10 puntos de la Campaña por un Estado Democrático como guía para pensar en el proceso de descolonización hasta su conclusión poscolonial. El inquebrantable replanteamiento de Halper empoderará a los activistas que luchan por los derechos de los palestinos y la democracia para todos. 
650 0 0 |a CONFLICTOS POLITICOS  |0 TESAUROS  |2 TESAUROS  |9 3633 
650 0 0 |a CONFLICTO ARMADO  |9 139 
650 0 0 |a COLONIALISMO  |9 1864 
650 0 4 |a MOVIMIENTOS DE LIBERACION NACIONAL  |9 8648 
650 0 0 |a IDEOLOGIAS POLITICAS  |9 1855 
651 0 |a PALESTINA   |9 4212 
651 0 |a ISRAEL  |9 11877 
942 |2 z  |c LI  |h <script>document.querySelector('[id^="tag_090_subfield_a"]').value</script>  |i 24060  |k 04.04.02   |m H195d  |6 SCRIPTDOCUMENTQUERYSELECTORIDTAG_090_SUBFIELD_AVALUESCRIPT_24060 
999 |c 45953  |d 45953